U.S. States by When The Received Statehood - Statistics

General Stats
  • This quiz has been taken 14 times
  • The average score is 41 of 50
Answer Stats
Hint Answer % Correct
Dec. 7, 1787 Delaware
100%
Jan. 3, 1959 Alaska
91%
Feb. 14, 1912 Arizona
91%
Jan. 9, 1788 Connecticut
91%
Aug. 21, 1959 Hawaii
91%
Apr. 28, 1788 Maryland
91%
Feb. 6, 1788 Massachusetts
91%
Aug. 10, 1821 Missouri
91%
Dec. 18, 1787 New Jersey
91%
Jan. 6, 1912 New Mexico
91%
Jul. 26, 1788 New York
91%
Nov. 21, 1789 North Carolina
91%
Dec. 12, 1787 Pennsylvania
91%
May 29, 1790 Rhode Island
91%
May 23, 1788 South Carolina
91%
Jun. 25, 1788 Virginia
91%
Dec. 14, 1819 Alabama
82%
Jun. 15, 1836 Arkansas
82%
Sept. 9, 1850 California
82%
Mar. 3, 1845 Florida
82%
Jan. 2, 1788 Georgia
82%
Dec. 3, 1818 Illinois
82%
Dec. 11, 1816 Indiana
82%
Dec. 28, 1846 Iowa
82%
Jun. 1, 1792 Kentucky
82%
Mar. 15, 1820 Maine
82%
Jan. 26, 1837 Michigan
82%
Oct. 31, 1864 Nevada
82%
Jun. 21, 1788 New Hampshire
82%
Nov. 2, 1889 North Dakota
82%
Mar. 1, 1803 Ohio
82%
Nov. 16, 1907 Oklahoma
82%
Nov. 2, 1889 South Dakota
82%
Jun. 1, 1796 Tennessee
82%
Dec. 29, 1845 Texas
82%
Mar. 4, 1791 Vermont
82%
Jun. 20, 1863 West Virginia
82%
May 29, 1848 Wisconsin
82%
Aug. 1, 1876 Colorado
73%
Jul. 3, 1890 Idaho
73%
Jan. 29, 1861 Kansas
73%
Apr. 30, 1812 Louisiana
73%
May 11, 1858 Minnesota
73%
Dec. 10, 1817 Mississippi
73%
Nov. 8, 1889 Montana
73%
Feb. 14, 1859 Oregon
73%
Jan. 4, 1896 Utah
73%
Nov. 11, 1889 Washington
73%
Jul. 10, 1890 Wyoming
73%
Mar. 1, 1867 Nebraska
64%
No matching quizzes found
Score Distribution
Percent of People with Each Score
Percentile by Number Answered
Your Score History
You have not taken this quiz